[Event "Sant Adria de Besos op 2nd"]
[Site "Sant Adria de Besos"]
[Date "2018.08.12"]
[Round "4"]
[White "Cruz Estrada, Filemon"]
[Black "Millan Hernandez, Marc"]
[Result "1-0"]
[WhiteElo "2295"]
[BlackElo "1854"]
[PlyCount "73"]
[EventDate "2018.08.10"]
[EventType "swiss"]
[EventRounds "9"]
[EventCountry "ESP"]
[SourceTitle "CBM 186 Extra"]
[Source "ChessBase"]
[SourceDate "2018.08.24"]
[SourceVersion "1"]
[SourceVersionDate "2018.08.24"]
[SourceQuality "1"]

1. c4 Nf6 2. Nf3 g6 3. g3 Bg7 4. Bg2 0-0 5. 0-0 d6 6. Nc3 Nbd7 7. Qc2 c6 8. b3 Qc7 9. d4 e5 10. Bb2 exd4 11. Nxd4 a5 12. Rfd1 Nc5 13. h3 Re8 14. e4 h5 15. Rdb1 Nh7 16. Qd2 Qe7 17. Nde2 Rd8 18. Ba3 Be6 19. Nf4 Bh6 20. Nxg6 Qg5 21. Ne7+ Kf8 22. Qxg5 Bxg5 23. Nf5 Bxf5 24. exf5 Be7 25. f4 Nf6 26. Bf3 Kg8 27. Kg2 Kg7 28. Re1 Re8 29. Rad1 Bf8 30. Rxe8 Rxe8 31. Bb2 Kh7 32. g4 h4 33. g5 Nfe4 34. Nxe4 Nxe4 35. Bxe4 Rxe4 36. Kf3 Re8 37. Ba3 1-0

[Event "Barcelona Ideal Clave op 21st"]
[Site "Barcelona"]
[Date "2017.11.11"]
[Round "6"]
[White "Millan Hernandez, Marc"]
[Black "Lema Navalon, Eric"]
[Result "1-0"]
[WhiteElo "1818"]
[BlackElo "1555"]
[PlyCount "53"]
[EventDate "2017.09.30"]
[EventType "swiss"]
[EventRounds "8"]
[EventCountry "ESP"]
[SourceTitle "CBM 181 Extra"]
[Source "ChessBase"]
[SourceDate "2017.12.12"]
[SourceVersion "1"]
[SourceVersionDate "2017.12.12"]
[SourceQuality "1"]

1. e4 e6 2. d4 d5 3. Nd2 c5 4. exd5 Qxd5 5. Ngf3 Nf6 6. Bc4 Qd8 7. 0-0 Nc6 8. Nb3 cxd4 9. Nbxd4 Nxd4 10. Nxd4 Bd7 11. Qf3 Qb6 12. Be3 Bc5 13. Rfd1 0-0 14. Bd3 Rfe8 15. b4 Bxd4 16. Bxd4 Qc6 17. Qg3 e5 18. Bxe5 Nh5 19. Qg5 g6 20. Bd4 Rad8 21. Re1 b6 22. Re3 f6 23. Qh6 Rxe3 24. Bxe3 Be8 25. Rd1 Qa4 26. Bc4+ Kh8 27. Qf8# 1-0

[Event "Barcelona Sant Marti op-B 15th"]
[Site "Barcelona"]
[Date "2013.07.20"]
[Round "8"]
[White "Fungueirino Pique, Daniel"]
[Black "Millan Hernandez, Marc"]
[Result "0-1"]
[WhiteElo "1694"]
[BlackElo "1806"]
[PlyCount "76"]
[EventDate "2013.07.13"]
[EventType "swiss"]
[EventRounds "9"]
[EventCountry "ESP"]
[SourceTitle "CBM 155 Extra"]
[Source "ChessBase"]
[SourceDate "2013.08.26"]
[SourceVersion "1"]
[SourceVersionDate "2013.08.26"]
[SourceQuality "1"]

1. d4 d5 2. Nf3 Nf6 3. e3 Bf5 4. Bd3 Bxd3 5. Qxd3 c6 6. Nbd2 Nbd7 7. 0-0 g6 8. Re1 Bg7 9. Nf1 0-0 10. Ng3 Re8 11. Ne5 h5 12. Nxg6 fxg6 13. Qxg6 Nf8 14. Qf5 Qd7 15. Qf3 Qg4 16. h3 Qxf3 17. gxf3 Ng6 18. Nf5 Bf8 19. e4 e6 20. Bg5 Nh7 21. Nh6+ Bxh6 22. Bxh6 Nh4 23. Re3 e5 24. dxe5 Rxe5 25. f4 Re6 26. Rg3+ Rg6 27. Rxg6+ Nxg6 28. Kh2 Kf7 29. e5 Ne7 30. Re1 Nf5 31. Bg5 Nxg5 32. fxg5 Ke6 33. f4 Nd4 34. Kg3 Nxc2 35. Rg1 Nd4 36. Kh4 Nf3+ 37. Kxh5 Nxg1 38. h4 Kf5 0-1

[Event "Barcelona Sant Marti op-B 15th"]
[Site "Barcelona"]
[Date "2013.07.17"]
[Round "5"]
[White "Millan Hernandez, Marc"]
[Black "Aprea, Daniele"]
[Result "1/2-1/2"]
[WhiteElo "1806"]
[BlackElo "1945"]
[PlyCount "57"]
[EventDate "2013.07.13"]
[EventType "swiss"]
[EventRounds "9"]
[EventCountry "ESP"]
[SourceTitle "CBM 155 Extra"]
[Source "ChessBase"]
[SourceDate "2013.08.26"]
[SourceVersion "1"]
[SourceVersionDate "2013.08.26"]
[SourceQuality "1"]

1. e4 e6 2. d4 d5 3. Nd2 Nc6 4. Ngf3 Nf6 5. e5 Nd7 6. c3 f6 7. exf6 Qxf6 8. Bd3 Bd6 9. Nf1 h6 10. Ne3 Qf7 11. Ng4 e5 12. Ngxe5 Ndxe5 13. dxe5 Nxe5 14. Nxe5 Bxe5 15. Be3 Bf5 16. Qa4+ Qd7 17. Qxd7+ Bxd7 18. Bg6+ Ke7 19. 0-0-0 c6 20. Bc5+ Kf6 21. Bc2 Bf5 22. Rhe1 Bxc2 23. Kxc2 Rhe8 24. g3 b6 25. Be3 Kf7 26. f4 Bf6 27. Bf2 Rxe1 28. Rxe1 Re8 29. Rxe8 1/2-1/2